000 00887nmm a2200277 a 4500
001 ocm000702083
003 TR-IsHL
005 20201028131502.0
008 131028s2012 tu tur
007 cr cn
035 _a702083
_b(N$T)
050 0 4 _aPZ90
_b.A97 2012
090 0 4 _aPZ90
_b.A97 2012
245 1 0 _aAyşegül'ün maceraları
_h[electronic resource] /
_ceditör Tuba Öztürk ; resimleyen Emel Alp
250 _a1. bs.
260 _aİstanbul :
_bBirleşik Yayın Grubu,
_c2012
300 _a46 p.
650 4 _aDil ve Edebiyat
650 4 _aLanguage and Literature
650 0 _aÇocuk edebiyatı
650 0 _aChildren's literature
650 7 _aLITERARY CRITICISM / Children's Literature
_2bisacsh
700 1 _aÖztürk, Tuba
700 1 _aAk, Emel
856 4 0 _uhttp://search.ebscohost.com/login.aspx?direct=true&scope=site&db=e011xww&AN=702083
999 _c4589
_d4589